Villes des Pays-de-la-Loire de plus de 10 000 habitants - Statistiques

Statistiques générales
  • Ce quiz a été pris 124 fois
  • Le résultat moyen est 29 sur 55
Statistiques - réponses
Département Ville Population % Correct
49 Angers 157175
100%
72 Le Mans 145004
100%
44 Nantes 323204
100%
53 Laval 49657
97%
85 La Roche-sur-Yon 54952
96%
44 Saint-Nazaire 72057
95%
49 Cholet 53936
92%
85 Les Sables-d'Olonne 48402
89%
44 Rezé 42998
86%
44 Saint-Herblain 49537
84%
49 Saumur 26215
84%
72 La Flèche 14937
72%
44 Pornic 17910
70%
44 Carquefou 20510
68%
53 Mayenne 12900
68%
44 Orvault 27872
68%
44 Châteaubriant 12189
65%
44 Saint-Sébastien-sur-Loire 28283
65%
85 Les Herbiers 16453
59%
72 Sablé-sur-Sarthe 12096
59%
85 Challans 22494
58%
85 Fontenay-le-Comte 13471
57%
44 Pornichet 12121
54%
44 Guérande 16151
53%
44 La Baule-Escoublac 16468
51%
44 Vertou 26002
50%
44 La Chapelle-sur-Erdre 20331
49%
44 Bouguenais 20410
46%
44 Couëron 23057
42%
49 Trélazé 15358
42%
49 Avrillé 14938
41%
49 Beaupréau-en-Mauges 23639
41%
49 Sèvremoine 25806
41%
53 Château-Gontier-sur-Mayenne 16710
39%
85 Montaigu-Vendée 20605
39%
44 Saint-Brevin-les-Pins 14411
38%
49 Chemillé-en-Anjou 21386
36%
49 Les Ponts-de-Cé 12725
36%
44 Sainte-Luce-sur-Loire 15527
36%
72 Allonnes 11013
32%
49 Segré-en-Anjou Bleu 17699
32%
44 Ancenis-Saint-Géréon 11099
28%
44 Pontchâteau 11075
27%
85 Saint-Hilaire-de-Riez 12682
27%
49 Doué-en-Anjou 11228
26%
44 Blain 10187
24%
49 Orée d'Anjou 16709
24%
85 Aizenay 10146
23%
49 Baugé-en-Anjou 11757
23%
49 Loire-Authion 16416
22%
49 Mauges-sur-Loire 18331
22%
44 Thouaré-sur-Loire 10783
22%
49 Brissac Loire Aubance 10895
19%
49 Montrevault-sur-Èvre 15755
19%
44 Treillières 10230
18%
Aucun quiz correspondant
Distribution des résultats
% des personnes avec chaque résultat
Percentile par nombre de réponses
Votre historique - résultats
Vous n’avez pas pris ce quiz